000 00669nam a2200217Ii 4500
003 JO-AjNU
008 230606s9999||||xx |||||||||||||| ||und||
020 _a978-0-7641-3864-5/0-7641-3864-2
040 _aJO-AjNU
_beng
_erda
_cJO-AjNU
041 _aeng
050 1 4 _aPE1449.B643 2008
100 3 _aتأليف Bromberg,Murray ;م.مشارك Melvin Gordon,
_eauthor
_91898
245 0 0 _a1100 WORDS You Need To Know
250 _a5 ed
264 3 1 _aUSA:Barron's Educational Series,2010
300 _a397p
336 _atext
_btxt
_2rdacontent
337 _aunmediated
_bn
_2rdamedia
338 _avolume
_bnc
_2rdacarrier
650 4 _a1100 WORDS You Need To Know
_91899
999 _aE999
_c999
_d999